000 00564nam a22001697a 4500
005 20250224125434.0
010 _a20BACCHEN25
020 _a9788181534824 (Pt.3)
_c290.00
037 _bRainbow Books
082 _a507.8
245 _aRainbow 101 Science Projects -3/
_cedited and compiled by Aakanksha
260 _aDelhi
_bRainbow Books
_c2019(repr.)
270 _aF-32, Street No.12, Parwana Road, Jagat Puri,
_b Delhi
_e110051
300 _a112p.
_c25cm(Hb)
_bcol.ill.
700 _aAakanksha
_955845
942 _2ddc
_cCH
_mRAI
_h507.8
999 _c209683
_d209683